AUSTRALIAN JOURNAL OF CHEMISTRY (Record no. 5352)
[ view plain ]
| 000 -LEADER | |
|---|---|
| fixed length control field | 00458nam a2200145Ia 4500 |
| 022 ## - INTERNATIONAL STANDARD SERIAL NUMBER | |
| ISSN | 0004-9425 |
| 245 #0 - TITLE STATEMENT | |
| Title | AUSTRALIAN JOURNAL OF CHEMISTRY |
| 260 ## - PUBLICATION, DISTRIBUTION, ETC. (IMPRINT) | |
| Name of publisher | Commonwealth Scientific and Industrial Research Organization, Melbourne |
| Place of publication | Australia |
| 310 ## - CURRENT PUBLICATION FREQUENCY | |
| Current publication frequency | M |
| 500 ## - GENERAL NOTE | |
| General note | Ending Volume & Year: 40, 1987 |
| 500 ## - GENERAL NOTE | |
| General note | Missing Volume: 26(4-9);39(6) |
| 500 ## - GENERAL NOTE | |
| General note | Starting Volume & Year: 26, 1973 |
| 942 ## - ADDED ENTRY ELEMENTS (KOHA) | |
| Koha item type | Bound Journal |
| Withdrawn status | Lost status | Damaged status | Not for loan | Home library | Current library | Date acquired | Accession Number | Koha item type |
|---|---|---|---|---|---|---|---|---|
| Bound journals | RRII Library | RRII Library | 31/12/2021 | 05334J | Bound Journal |